|
|
|
|
| LEADER |
00943nam a2200205 a 4500 |
| 001 |
29215 |
| 003 |
BD-DhAAL |
| 005 |
20150517122157.0 |
| 008 |
150517r19931987bg 000 0 ben d |
| 040 |
|
|
|a DB-DhAAL
|c DB-DhAAL
|
| 082 |
0 |
0 |
|a 372.125
|
| 100 |
1 |
|
|a তপন, শাহজাহান।
|9 11087
|
| 245 |
1 |
0 |
|a থিসিস ও অ্যাসাইনমেন্ট লিখনঃ
|c ডঃ শাহজাহান তপন
|b পদ্ধতি ও কৌশল /
|
| 260 |
|
|
|a ঢাকা :
|b প্রতিভা,
|c ১৯৯৩
|
| 300 |
|
|
|a ১৬৩ পৃ. ;
|c ২২ সে.মি.
|
| 541 |
1 |
|
|e 29215
|
| 650 |
|
0 |
|a Reasearch
|9 11088
|
| 942 |
|
|
|2 ddc
|c BK
|
| 999 |
|
|
|c 34425
|d 34425
|
| 952 |
|
|
|0 0
|1 0
|2 ddc
|4 0
|6 372_125000000000000_TAP
|7 0
|9 53748
|a BRACUL
|b BRACUL
|c GEN
|d 2015-05-17
|e BRAC Institute of Language (BIL)
|l 4
|m 70
|o 372.125 TAP
|p 3010029215
|q 2026-06-02
|r 2026-02-18
|s 2026-02-18
|t 1
|w 2015-05-17
|y BK
|x Transferred from BIL to BRACUL on 06/06/22
|